| 000 | 00532 a2200181 4500 | ||
|---|---|---|---|
| 003 | OSt | ||
| 005 | 20231207201431.0 | ||
| 008 | 231207b |||||||| |||| 00| 0 eng d | ||
| 020 | _a9788182667204 | ||
| 040 | _coclc | ||
| 082 |
_a894.8128 _bKAR/I |
||
| 100 |
_aKarassery, M N _91986 |
||
| 245 |
_aIslamika Rashtreeyam Vimarsikkappedunnu / _cM.N. Karassery |
||
| 250 | _a5th ed. | ||
| 260 |
_aKozhikode: _bMathrubhumi Books, _c2016. |
||
| 300 | _a168p. | ||
| 942 |
_2ddc _cBK _h894.8128 _iKAR/I _k894.8128 _mKAR/I |
||
| 999 |
_c44032 _d44032 |
||